|
|
|
|
| LEADER |
00000nam0a2200000 4500 |
| 001 |
72214 |
| 005 |
20231031083248.0 |
| 035 |
|
|
|a (RuTPU)RU\TPU\book\76981
|
| 090 |
|
|
|a 72214
|
| 100 |
|
|
|a 20050113d1976 k y0rusy50 ca
|
| 101 |
0 |
|
|a rus
|
| 102 |
|
|
|a RU
|
| 105 |
|
|
|a a z 001zy
|
| 200 |
1 |
|
|a Оптические спектры ионов переходных металлов в кристаллах
|f Д. Т. Свиридов, Р. К. Свиридова, Ю. Ф. Смирнов
|g Академия Наук СССР; Институт кристаллографии
|
| 210 |
|
|
|a Москва
|c Наука
|d 1976
|
| 215 |
|
|
|a 267 с.
|c ил.
|
| 320 |
|
|
|a Библиогр.: с. 250-265.
|
| 610 |
1 |
|
|a кристаллы
|
| 610 |
1 |
|
|a спектроскопические исследования
|
| 610 |
1 |
|
|a ионы
|
| 610 |
1 |
|
|a металлы
|
| 610 |
1 |
|
|a кристаллы
|
| 610 |
1 |
|
|a переходные металлы
|
| 675 |
|
|
|a 548.035
|v 3
|
| 700 |
|
1 |
|a Свиридов
|b Д. Т.
|g Дмитрий Тимофеевич
|
| 701 |
|
1 |
|a Свиридова
|b Р. К.
|g Римма Константиновна
|
| 701 |
|
1 |
|a Смирнов
|b Ю. Ф.
|g Юрий Федорович
|
| 712 |
0 |
2 |
|a Академия наук СССР (АН СССР)
|b Институт кристаллографии им. А. В. Шубникова (ИК)
|c (Москва)
|2 stltpush
|3 (RuTPU)RU\TPU\col\11554
|
| 801 |
|
1 |
|a RU
|b 63413507
|c 20050113
|g PSBO
|
| 801 |
|
2 |
|a RU
|b 63413507
|c 20080325
|g PSBO
|
| 942 |
|
|
|c BK
|